Statistics for Rooster Teeth- Eleven Little Roosters Characters

Click here to take the quiz!

General Stats

  • This quiz has been taken 16 times
    (10 since last reset)
  • The average score is 19 of 28

Answer Stats

ActorCharacter% Correct
Barbara DunklemanAgt. Moose
100%
Matt HullumThe Big Cock
86%
Blaine GibsonAgt. Gibson
71%
Ashley JenkinsAgt. Jinx
71%
Elyse WillemsAgt. Knuckle
71%
Zach AnnerAnnersby
71%
Geoff RamsayBoomerang Geoff
71%
Josh FlanaganCol. Cockface
71%
Jack PatilloJack the Red
71%
Adam KovicKoko
71%
Aaron MarquisMarquee Marquis
71%
Michael JonesMikey
71%
Mariel SalcedoMme. Mariel
71%
Shannon McCormickPres. Vladimir Putin
71%
Gustavo SorolaSo'rolla
71%
Griffon RamsayThe Griffon
71%
James WillemsWilhelm
71%
Hideo KojimaAgt. Kojima
57%
Bruce GreenBrüce
57%
Michael 'Burnie' BurnsBurnardo Burnadicci
57%
Chris DemaraisChristoph Weiss
57%
Adam EllisComrade Hadam
57%
Tyler CoeComrade Tiberius
57%
Gavin FreeGavin the 3rd
57%
Joel HeymanJoel Joelle
57%
Miles LunaLa Luna Loco
57%
Lawrence SonntagLars
57%
Annabelle JonesMargaret Burnadicci
57%

Score Distribution

Percentile by Number Answered

Percent of People with Each Score

Your Score History

You have not taken this quiz since the last reset